Minnesota Twins Players - Sudden Death - Statistics

General Stats
  • This quiz has been taken 51 times
  • The average score is 11 of 14
Answers on the Grid
Answers color-coded by a green-red scale on the quiz's grid according to % correct below.
Alex Rodriguez
Bert Blyleven
Bret Saberhagen
Buster Posey
Byron Buxton
Cecil Fielder
Chuck Knoblauch
Craig Biggio
Felipe Alou
Harmon Killebrew
Jazz Chiholm Jr.
Jim Abbott
Joe Mauer
Johan Santana
Jose Reyes
Juan Soto
Justin Morneau
Kirby Puckett
Max Kepler
Miguel Cabrera
Mo Vaughn
Randy Johnson
Reggie Jackson
Rod Carew
Royce Lewis
Rusty Staub
Stan Musial
Tony Oliva
Torii Hunter
Trevor May
 
Answer Stats
Answer % Correct
Byron Buxton
89%
Harmon Killebrew
89%
Joe Mauer
86%
Justin Morneau
84%
Tony Oliva
81%
Kirby Puckett
78%
Royce Lewis
78%
Rod Carew
76%
Bert Blyleven
73%
Johan Santana
70%
Max Kepler
70%
Torii Hunter
70%
Chuck Knoblauch
62%
Trevor May
54%
No matching quizzes found
Score Distribution
Percent of People with Each Score
Percentile by Number Answered
Your Score History
You have not taken this quiz